Municipalities of the Hokkaido Prefecture - Statistics

General Stats
  • This quiz has been taken 57 times
  • The average score is 45 of 179
Answers on the Map
Answers color-coded by a green-red scale on the quiz's map according to % correct below.
 
Answer Stats
Subprefecture Municipality % Correct
Ishikari Sapporo
85%
Oshima Hakodate
58%
Ishikari Ebetsu
50%
Shiribeshi Otaru
50%
Sōya Wakkanai
50%
Ishikari Chitose
46%
Oshima Hokuto
46%
Ishikari Ishikari
46%
Ishikari Kitahiroshima
46%
Iburi Muroran
46%
Shiribeshi Niseko
46%
Kamikawa Tōma
46%
Iburi Tomakomai
46%
Iburi Date
42%
Ishikari Eniwa
42%
Oshima Kikonai
42%
Oshima Mori
42%
Oshima Nanae
42%
Iburi Noboribetsu
42%
Shiribeshi Shakotan
42%
Iburi Shiraoi
42%
Okhotsk Abashiri
38%
Kamikawa Asahikawa
38%
Iburi Atsuma
38%
Hiyama | Sōya Esashi
38%
Oshima Fukushima
38%
Sorachi Iwamizawa
38%
Okhotsk Kitami
38%
Kushiro Kushiro (町)
38%
Kushiro Kushiro (市)
38%
Oshima Matsumae
38%
Okhotsk Monbetsu
38%
Hiyama Okushiri
38%
Rumoi Rumoi
38%
Ishikari Tōbetsu
38%
Iburi Tōyako
38%
Iburi Toyōra
38%
Oshima Yakumo
38%
Shiribeshi Yoichi
38%
Shiribeshi Akaigawa
35%
Hiyama Assabu
35%
Hidaka Erimo
35%
Hidaka Hidaka
35%
Hiyama Imakane
35%
Hiyama Kaminokuni
35%
Shiribeshi Kamoenai
35%
Shiribeshi Kuromatsunai
35%
Shiribeshi Kutchan
35%
Nemuro Nemuro
35%
Shiribeshi Niki
35%
Oshima Oshamanbe
35%
Hiyama Otobe
35%
Hiyama Setana
35%
Kamikawa | Nemuro Shibetsu
35%
Oshima Shikabe
35%
Shiribeshi Shimamaki
35%
Oshima Shiriuchi
35%
Iburi Sōbetsu
35%
Shiribeshi Suttsu
35%
Shiribeshi Tomari
35%
Sorachi Bibai
31%
Shiribeshi Iwanai
31%
Sorachi Naie
31%
Tokachi Obihiro
31%
Shiribeshi Rankoshi
31%
Nemuro Rausu
31%
Sōya Rebun
31%
Sōya Rishiri
31%
Shiribeshi Rusutsu
31%
Ishikari Shinshinotsu
31%
Kushiro Akkeshi
27%
Hidaka Biratori
27%
Okhotsk Engaru
27%
Shiribeshi Kimobetsu
27%
Shiribeshi Kyōwa
27%
Shiribeshi Makkari
27%
Iburi Mukawa
27%
Nemuro Nakashibetsu
27%
Kamikawa Nayoro
27%
Hidaka Niikappu
27%
Okhotsk Saroma
27%
Hidaka Shinhidaka
27%
Iburi Abira
23%
Okhotsk Bihoro
23%
Sorachi Fukagawa
23%
Kamikawa Furano
23%
Shiribeshi Furubira
23%
Shiribeshi Kyōgoku
23%
Rumoi Mashike
23%
Sōya Rishirifuji
23%
Sōya Sarufutsu
23%
Okhotsk Shari
23%
Kushiro Shibecha
23%
Kamikawa Shimukappu
23%
Sorachi Sunagawa
23%
Sorachi Takikawa
23%
Hidaka Urakawa
23%
Sorachi Ashibetsu
19%
Nemuro Betsukai
19%
Kamikawa Bifuka
19%
Kushiro Hamanaka
19%
Kamikawa Nakafurano
19%
Sōya Nakatonbetsu
19%
Rumoi Obira
19%
Okhotsk Okoppe
19%
Tokachi Otofuke
19%
Okhotsk Ōzora
19%
Kamikawa Pippu
19%
Hidaka Samani
19%
Kushiro Shiranuka
19%
Kushiro Teshikaga
19%
Kushiro Tsurui
19%
Sorachi Yuubari
19%
Okhotsk Yuubetsu
19%
Sorachi Akabira
15%
Tokachi Ashoro
15%
Kamikawa Biei
15%
Rumoi Enbetsu
15%
Rumoi Haboro
15%
Sōya Hamatonbetsu
15%
Sōya Horonobe
15%
Tokachi Ikeda
15%
Kamikawa Kamifurano
15%
Okhotsk Kiyosato
15%
Tokachi Memuro
15%
Sorachi Mikasa
15%
Sorachi Naganuma
15%
Kamikawa Nakagawa
15%
Tokachi Nakasatsunai
15%
Sorachi Nanporo
15%
Okhotsk Nishiokoppe
15%
Rumoi Shosanbetsu
15%
Rumoi Teshio
15%
Rumoi Tomamae
15%
Sōya Toyotomi
15%
Tokachi Urahoro
15%
Sorachi Utashinai
15%
Kamikawa Higashikagura
12%
Kamikawa Horokanai
12%
Tokachi Kamishihoro
12%
Okhotsk Koshimizu
12%
Okhotsk Kunneppu
12%
Sorachi Moseushi
12%
Sorachi Numata
12%
Okhotsk Oketo
12%
Okhotsk Ōmu
12%
Kamikawa Otoineppu
12%
Tokachi Shihoro
12%
Kamikawa Shimokawa
12%
Tokachi Shintoku
12%
Tokachi Taiki
12%
Okhotsk Tsubetsu
12%
Sorachi Tsukigata
12%
Kamikawa Aibetsu
8%
Sorachi Chippubetsu
8%
Kamikawa Higashikawa
8%
Tokachi Hiroo
8%
Sorachi Hokuryuu
8%
Tokachi Honbetsu
8%
Kamikawa Kamikawa
8%
Sorachi Kamisunagawa
8%
Kamikawa Kenbuchi
8%
Sorachi Kuriyama
8%
Tokachi Makubetsu
8%
Kamikawa Minamifurano
8%
Tokachi Rikubetsu
8%
Tokachi Sarabetsu
8%
Tokachi Shikaoi
8%
Tokachi Shimizu
8%
Sorachi Shintotsukawa
8%
Kamikawa Takasu
8%
Okhotsk Takinoue
8%
Tokachi Toyokoro
8%
Sorachi Urausu
8%
Sorachi Uryuu
8%
Kamikawa Wassamu
8%
Sorachi Yuni
8%
No matching quizzes found
Score Distribution
Percent of People with Each Score
Percentile by Number Answered
Your Score History
You have not taken this quiz